000 00539nam a2200193Ia 4500
003 OSt
005 20221007082723.0
006 a|||||r|||| 00| 0
007 ta
008 221006b |||||||| |||| 00| 0 eng d
024 _a23,191
037 _cDissertations
040 _aFLL
_cFLL
_beng
041 _2eng
_aeng
100 _aPandey A.K.
_9304939
245 0 _aProblems of water pullution in India and the sollution provided by the water act a critical study
942 _cDIS
_2CC
999 _c1167493
_d1167493